书目信息 |
| 题名: |
中国哲学史教学资料选辑
|
|
| 作者: | ;北京大学哲学系中国哲学史教研室选 注 | |
| 分册: | 上册 | |
| 出版信息: | 北京 中华书局出版 1982 |
|
| 页数: | 543页 | |
| 开本: | 20cm | |
| 丛书名: | ||
| 单 册: | ||
| 中图分类: | B2 | |
| 科图分类: | ||
| 主题词: | 哲学--中国 | |
| 电子资源: | ||
| ISBN: | ||
| 000 | 00634nam0 2200193 45 | |
| 001 | 0312010923 | |
| 005 | 20060722112449.09 | |
| 010 | @dCNY1.95 | |
| 091 | @ak2018.171 | |
| 100 | @a20031201d1982 km y0chiy0120 ea | |
| 101 | 0 | @achi |
| 200 | 1 | @a中国哲学史教学资料选辑@AZhong Guo Zhe Xue Shi Jiao Xue Zi Liao Xuan Ji@h上册@f北京大学哲学系中国哲学史教研室选注@FBei Jing Da Xue Zhe Xue Xi Zhong Guo Zhe Xue Shi Jiao Yan Shi Xuan Zhu |
| 210 | @a北京@c中华书局出版@d1982 | |
| 215 | @a543页@d20cm | |
| 606 | 0 | @a哲学@y中国 |
| 690 | @aB2@v3 | |
| 711 | 02 | @a北京大学哲学系中国哲学史教研室选@4注 |
| 801 | @aCN@bTSTC@c20060722 | |
| 905 | @dB2@e10:1 | |
| 中国哲学史教学资料选辑.上册/北京大学哲学系中国哲学史教研室选注.-北京:中华书局出版,1982 |
| 543页;20cm |
| ISBN :CNY1.95 |
| ● |
| 相关链接 |
|
|
|
|
正题名:中国哲学史教学资料选辑
索取号:B2/10:1
 
预约/预借
| 序号 | 登录号 | 条形码 | 馆藏地/架位号 | 状态 | 备注 |
| 1 | 0047767 | 001854586 | 密集书库/ [索取号:B2/10:1] | 在馆 | |
| 2 | 0047768 | 001145629 | 密集书库/ [索取号:B2/10:1] | 在馆 | |
| 3 | 0047769 | 202291368 | 密集书库/ [索取号:B2/10:1] | 在馆 | |
| 4 | 0085357 | 001123803 | 第一借阅区/ [索取号:B2/10:1] | 在馆 | |
| 5 | 0085358 | 001145638 | 第一样本阅览室/ [索取号:B2/10:1] | 在馆 | |
| 6 | 0085359 | 001600299 | 密集书库/ [索取号:B2/10:1] | 在馆 | |
| 7 | 0425018 | 204250185 | 密集书库/ [索取号:B2/10:1] | 在馆 | |
| 8 | 0425376 | 204253761 | 密集书库/ [索取号:B2/10:1] | 在馆 | |
| 9 | 0425377 | 204253770 | 密集书库/ [索取号:B2/10:1] | 在馆 | |
| 10 | 0425648 | 204256483 | 密集书库/ [索取号:B2/10:1] | 在馆 | |
| 11 | 0425649 | 204256492 | 密集书库/ [索取号:B2/10:1] | 在馆 | |
| 12 | 0425650 | 204256508 | 密集书库/ [索取号:B2/10:1] | 在馆 | |
| 13 | 0440027 | 204400273 | 密集书库/ [索取号:B2/10:1] | 在馆 | |
| 14 | 0440028 | 204400282 | 密集书库/ [索取号:B2/10:1] | 在馆 | |
| 15 | 0449011 | 204490112 | 密集书库/ [索取号:B2/10:1] | 在馆 | |
| 16 | 0449149 | 204491497 | 密集书库/ [索取号:B2/10:1] | 在馆 | |
| 17 | 0460529 | 204605294 | 密集书库/ [索取号:B2/10:1] | 在馆 |